000 00879nam a22002415i 4500
001 157308
003 ES-MaACL
005 20251004063205.0
008 040830q18501900sp |||| | spa d
040 _aCAM
_bspa
_cCAM
080 _a330.84/86
100 1 _aLaveleye, Émile de,
_d1822-1892
_970700
245 1 3 _aEl socialismo contemporáneo /
_cpor Emilio de Lavelaye [sic] ; traducción por Manuel Alonso Paniagua.
260 _aMadrid :
_bLa España moderna,
_c[s.a.] (
_fImp. de Avrial)
300 _a415 p. ;
_c23 cm.
490 1 _aBiblioteca de jurisprudencia, filosofía é historia
596 _aImpreso ca. a finales del s. XIX.
650 0 7 _aSocialismo
_2embne
_917147
700 0 _aAlonso Paniagua, Manuel.
_920378
830 0 0 _aBiblioteca de jurisprudencia, filosofía e historia
_9180691
852 _aES-MaACL
_jF-14782
999 _c157308
_d157308